| 000 | 02171 a2200229 4500 | ||
|---|---|---|---|
| 005 | 20110907154553.0 | ||
| 010 | _aG-001235 | ||
| 020 |
_c40.00 _a |
||
| 035 | _aG-001235 | ||
| 037 | _bउपहार | ||
| 082 | 1 | 4 | _a616.0252 |
| 100 | 1 |
_aरामदत्त _934650 |
|
| 245 | 1 |
_aप्राथमिक चिकित्सा / _cरामदत्त |
|
| 246 |
_a _b |
||
| 260 |
_aजयपुर _bदेवनागर प्रकाशन _c2008 |
||
| 270 |
_aचौड़ा रास्ता _bजयपुर _e302003 |
||
| 300 |
_a64पृ. _bसचित्र _c21सेमी (अजिल्द) |
||
| 650 |
_a _934651 |
||
| 942 |
_adpl _cCH _k _2ddc _h616.0252 _mरामद |
||
| 999 |
_c56492 _d56492 |
||